Los amigos del bebe / Neil Ricklen (Registro nro. 47729)
[ vista simple ]
| 000 -LÍDER | |
|---|---|
| Campo fijo de descripción fija | 003650000a22001570004500 |
| 020 ## - NÚMERO INTERNACIONAL NORMALIZADO PARA LIBROS | |
| Número Internacional Normalizado del libro | 0-689-80437-7 |
| 082 04 - NÚMERO DE CLASIFICACIÓN DECIMAL DEWEY | |
| Número de clasificación | B R424a |
| 001 - NÚMERO DE CONTROL | |
| Campo de control | 518 |
| 100 1# - ASIENTO PRINCIPAL--NOMBRE PERSONAL | |
| Nombre personal | Ricklen, Neil |
| 245 10 - TÍTULO | |
| Título del Material | Los amigos del bebe / Neil Ricklen |
| 260 ## - PUBLICACIÓN, DISTRIBUCIÓN, ETC. (PIE DE IMPRENTA) | |
| Lugar de publicación, distribución, etc. | New York : Publishing Group |
| 300 ## - DESCRIPCIÓN FÍSICA | |
| Extensión | [ 22p. ] |
| 500 ## - NOTA GENERAL | |
| Nota General | Texto pasta dura |
| 650 14 - ASIENTO SECUNDARIO DE MATERIA - TERMINO TEMÁTICO | |
| Término temático o nombre geográfico como elemento de entrada | Literatura Infantil |
| 942 ## - TIPO DE MATERIAL (KOHA) | |
| Tipo de Item KOHA | Z- Libro General BINCO |
| Estado de Material | Estado de Perdido | Volumen-Parte/Tomo | Estado de Dañado | No para Préstamo | Tomo | Biblioteca de Origen | Biblioteca Permanente | Fecha de Adquisición | Total de Préstamos | Signatura Topográfica | Código de Barras | Última vez visto | Ejemplar/Existencia | Fecha de Remplazo | Tipo de Material |
|---|---|---|---|---|---|---|---|---|---|---|---|---|---|---|---|
| Biblioteca Infantil Comunitaria BINCO | Biblioteca Infantil Comunitaria BINCO | 17/03/2006 | B R424a | B30924 | 24/11/2016 | 2 | 26/01/2016 | Z- Libro General BINCO | |||||||
| Biblioteca Infantil Comunitaria BINCO | Biblioteca Infantil Comunitaria BINCO | 17/03/2006 | B R424a | B30926 | 24/11/2016 | 1 | 26/01/2016 | Z- Libro General BINCO |
